[Event "Mittelfrank Regionalliga Nord-West 2223"]
[Site "Mittelfranken"]
[Date "2023.03.19"]
[Round "8.8"]
[White "Englert, Fred"]
[Black "Bittner, Harald"]
[Result "1/2-1/2"]
[WhiteElo "1662"]
[BlackElo "1875"]
[PlyCount "91"]
[EventDate "2022.10.09"]
[EventType "team-tourn"]
[EventRounds "9"]
[EventCountry "GER"]
[SourceTitle "EXT 2024"]
[Source "ChessBase"]
[SourceDate "2023.10.10"]
[SourceVersion "1"]
[SourceVersionDate "2023.10.10"]
[SourceQuality "1"]
[WhiteTeam "Klingenberg"]
[BlackTeam "Bad Neustadt"]
[WhiteTeamCountry "GER"]
[BlackTeamCountry "GER"]

1. c4 b6 2. Nf3 Bb7 3. Nc3 f5 4. d4 e6 5. g3 Nf6 6. Bg2 Bb4 7. 0-0 Bxc3 8. bxc3 0-0 9. Qb3 a5 10. c5 a4 11. Qb2 Ra6 12. cxb6 Rxb6 13. Qc2 Bc6 14. Ba3 d6 15. Nd2 Bxg2 16. Kxg2 Qe8 17. c4 Nc6 18. e3 Nb4 19. Bxb4 Rxb4 20. a3 Qa8+ 21. Kg1 Rb7 22. Rab1 Rfb8 23. Rxb7 Rxb7 24. Rb1 Rxb1+ 25. Nxb1 Ne4 26. h4 Qa5 27. Kf1 Kf7 28. Ke2 Kf6 29. Nd2 Nxd2 30. Qxd2 Qxd2+ 31. Kxd2 c5 32. f4 Kg6 33. Ke2 Kh5 34. Kf3 h6 35. Kf2 Kg4 36. Kg2 g5 37. fxg5 hxg5 38. hxg5 Kxg5 39. Kf3 e5 40. dxe5 dxe5 41. e4 f4 42. gxf4+ exf4 43. e5 Kf5 44. e6 Kxe6 45. Kxf4 Kf6 46. Ke4 1/2-1/2

[Event "Mittelfrank Regionalliga Nord-West 2223"]
[Site "Mittelfranken"]
[Date "2022.10.09"]
[Round "1.8"]
[White "Englert, Fred"]
[Black "Deml, Tilo"]
[Result "0-1"]
[WhiteElo "1662"]
[BlackElo "1907"]
[PlyCount "92"]
[EventDate "2022.10.09"]
[EventType "team-tourn"]
[EventRounds "9"]
[EventCountry "GER"]
[SourceTitle "EXT 2024"]
[Source "ChessBase"]
[SourceDate "2023.10.10"]
[SourceVersion "1"]
[SourceVersionDate "2023.10.10"]
[SourceQuality "1"]
[WhiteTeam "Klingenberg"]
[BlackTeam "Marktleuthen"]
[WhiteTeamCountry "GER"]
[BlackTeamCountry "GER"]

1. c4 Nf6 2. g3 g6 3. Bg2 Bg7 4. Nc3 0-0 5. Nf3 d6 6. d4 Nbd7 7. 0-0 e5 8. e4 c6 9. b3 Qc7 10. Bb2 Re8 11. Rc1 Nf8 12. h3 Nh5 13. Qd2 Ne6 14. d5 Nd4 15. Nxd4 exd4 16. Ne2 c5 17. Kh2 Nf6 18. Qd3 Qe7 19. f3 b5 20. Rce1 bxc4 21. bxc4 Rb8 22. Bc1 Ba6 23. Bf4 Nd7 24. Rb1 g5 25. Bd2 Ne5 26. Qc2 Bxc4 27. Bxg5 f6 28. Rxb8 Rxb8 29. Rb1 Rxb1 30. Qxb1 Bxe2 31. Bf4 Qc7 32. Qb2 d3 33. Qb5 Kf7 34. Be3 Qb6 35. Qa4 Bxf3 36. Bxf3 Nxf3+ 37. Kg2 Ne5 38. g4 a6 39. Kg3 Qb5 40. Qa3 Qb4 41. Qxa6 Qe1+ 42. Bf2 Qxe4 43. Qb7+ Kg8 44. Qc8+ Bf8 45. Qe6+ Kg7 46. Kh2 Nf3+ 0-1

[Event "Heusenstamm Sparkassen op-B 7th"]
[Site "Heusenstamm"]
[Date "2021.11.20"]
[Round "4.32"]
[White "Jansen, Malte"]
[Black "Englert, Fred"]
[Result "0-1"]
[WhiteElo "1427"]
[BlackElo "1779"]
[PlyCount "56"]
[EventDate "2021.11.18"]
[EventType "swiss"]
[EventRounds "7"]
[EventCountry "GER"]
[SourceTitle "EXT 2023"]
[Source "ChessBase"]
[SourceDate "2022.10.05"]
[SourceVersion "1"]
[SourceVersionDate "2022.10.05"]
[SourceQuality "1"]

1. e4 c6 2. Nf3 d5 3. exd5 cxd5 4. d4 g6 5. Nbd2 Bg7 6. b3 Nf6 7. Bb2 0-0 8. Bd3 Nc6 9. c3 Qc7 10. 0-0 b6 11. Qc2 e5 12. dxe5 Ng4 13. Rae1 Ngxe5 14. Nxe5 Nxe5 15. f4 Ng4 16. h3 Qc5+ 17. Kh1 Ne3 18. Rxe3 Qxe3 19. Rf3 Qe7 20. Nf1 Bb7 21. f5 d4 22. Rg3 Be5 23. Rg4 h5 24. Re4 Bxe4 25. Bxe4 dxc3 26. Bxc3 Rac8 27. fxg6 Rxc3 28. gxf7+ Qxf7 0-1

[Event "Landesliga Nord 1920"]
[Site "Bayern"]
[Date "2020.01.19"]
[Round "5.8"]
[White "Englert, Fred"]
[Black "Obermeier, Edi"]
[Result "1/2-1/2"]
[WhiteElo "1721"]
[BlackElo "2043"]
[PlyCount "36"]
[EventDate "2019.09.29"]
[EventType "team-tourn"]
[EventRounds "9"]
[EventCountry "GER"]
[SourceTitle "EXT 2021"]
[Source "ChessBase"]
[SourceDate "2020.10.23"]
[SourceVersion "1"]
[SourceVersionDate "2020.10.23"]
[SourceQuality "1"]
[WhiteTeam "Klingenberg"]
[BlackTeam "Kareth Lappersdorf"]
[WhiteTeamCountry "GER"]
[BlackTeamCountry "GER"]

1. c4 Nf6 2. g3 g6 3. Bg2 Bg7 4. Nc3 d6 5. d4 0-0 6. Nf3 Nc6 7. 0-0 a6 8. b3 Rb8 9. Bb2 Bf5 10. Re1 e5 11. dxe5 dxe5 12. Nd5 Nd7 13. Qd2 Re8 14. Rad1 Nc5 15. Nh4 Bg4 16. h3 Be6 17. f4 Nd7 18. Rf1 f6 1/2-1/2

[Event "Heusenstamm Sparkassen op-A 6th"]
[Site "Heusenstamm"]
[Date "2019.11.24"]
[Round "6"]
[White "Baumann, Dennis"]
[Black "Englert, Fred"]
[Result "1/2-1/2"]
[WhiteElo "1664"]
[BlackElo "1820"]
[PlyCount "79"]
[EventDate "2019.11.21"]
[EventType "swiss"]
[EventRounds "7"]
[EventCountry "GER"]
[SourceTitle "CBM 194 Extra"]
[Source "ChessBase"]
[SourceDate "2020.03.31"]
[SourceVersion "1"]
[SourceVersionDate "2020.03.31"]
[SourceQuality "1"]

1. d4 d5 2. c4 c6 3. cxd5 cxd5 4. Bf4 Nc6 5. e3 g6 6. Nc3 Bg7 7. Nf3 Nf6 8. Bd3 0-0 9. a3 b6 10. Ne5 Bb7 11. Nxc6 Bxc6 12. Be5 Qd7 13. f3 Ne8 14. Bxg7 Kxg7 15. 0-0 Nd6 16. Qe2 Rac8 17. Rac1 f6 18. f4 Nc4 19. Nxd5 Nxb2 20. Nxb6 axb6 21. Qxb2 e5 22. fxe5 fxe5 23. Rxf8 Rxf8 24. Rf1 Ra8 25. Qc3 Qd5 26. Rf2 exd4 27. Qxd4+ Qxd4 28. exd4 Rxa3 29. Rd2 b5 30. Kf2 b4 31. Ke3 Bb5 32. Ke4 Bd7 33. d5 Bf5+ 34. Kd4 Bd7 35. Bc4 Ba4 36. Rb2 b3 37. Kc3 Kf6 38. Bxb3 Ke5 39. Re2+ Kd6 40. Kb4 1/2-1/2

[Event "Buchen op 8th"]
[Site "Buchen"]
[Date "2019.09.06"]
[Round "1"]
[White "Pogan, Nikolas"]
[Black "Englert, Fred"]
[Result "1-0"]
[WhiteElo "2251"]
[BlackElo "1818"]
[PlyCount "123"]
[EventDate "2019.09.06"]
[EventType "swiss"]
[EventRounds "5"]
[EventCountry "GER"]
[SourceTitle "EXT 2020"]
[Source "ChessBase"]
[SourceDate "2019.10.17"]
[SourceVersion "1"]
[SourceVersionDate "2019.10.17"]
[SourceQuality "1"]

1. c4 c6 2. b3 Nf6 3. Bb2 g6 4. g3 Bg7 5. Bg2 0-0 6. e3 d5 7. Nf3 Nbd7 8. 0-0 b6 9. Nc3 Bb7 10. Qc2 e5 11. d3 Re8 12. Rfd1 Qc7 13. cxd5 cxd5 14. d4 e4 15. Ne1 Bf8 16. Nxe4 Rac8 17. Nxf6+ Nxf6 18. Qxc7 Rxc7 19. Rac1 Rec8 20. f3 Ba6 21. Rxc7 Rxc7 22. Rc1 Rxc1 23. Bxc1 Bb4 24. Nc2 Bc3 25. Bf1 Bb7 26. Kf2 a6 27. Ke2 Bc6 28. Kd1 b5 29. b4 Nd7 30. Ke2 Nb6 31. Kd3 Na4 32. e4 f6 33. Bf4 Kf7 34. Bh3 h5 35. Bc7 dxe4+ 36. fxe4 Bb7 37. a3 Ke7 38. Ne3 Bb2 39. Nc2 Bc3 40. Bf4 g5 41. Bc7 g4 42. Bf1 Bb2 43. h3 Kd7 44. Bf4 Nb6 45. hxg4 hxg4 46. Be2 Ke7 47. Bxg4 Nc4 48. Bf5 Bxa3 49. Nxa3 Nxa3 50. g4 Nc4 51. g5 fxg5 52. Bxg5+ Kd6 53. Bf4+ Ke7 54. d5 Nb6 55. Kd4 Nd7 56. Bg5+ Kd6 57. Bf4+ Ke7 58. e5 Nb6 59. d6+ Ke8 60. e6 Bc6 61. Kc5 Nd5 62. d7+ 1-0

[Event "Heusenstamm Sparkassen op-B 4th"]
[Site "Heusenstamm"]
[Date "2017.11.26"]
[Round "6"]
[White "Englert, Fred"]
[Black "Merges, Harald"]
[Result "1/2-1/2"]
[WhiteElo "1778"]
[BlackElo "1773"]
[PlyCount "71"]
[EventDate "2017.11.23"]
[EventType "swiss"]
[EventRounds "7"]
[EventCountry "GER"]
[SourceTitle "EXT 2019"]
[Source "ChessBase"]
[SourceDate "2018.10.10"]
[SourceVersion "1"]
[SourceVersionDate "2018.10.10"]
[SourceQuality "1"]

1. c4 Nf6 2. g3 c6 3. Bg2 d5 4. Nf3 e6 5. 0-0 Be7 6. b3 0-0 7. Bb2 b6 8. d4 Nbd7 9. Nc3 Ba6 10. Nd2 Rc8 11. Re1 dxc4 12. bxc4 b5 13. c5 e5 14. e3 exd4 15. exd4 b4 16. Nce4 Bb5 17. a3 bxa3 18. Rxa3 Nxe4 19. Nxe4 a6 20. Bc3 Nf6 21. Ba5 Qd7 22. Ng5 Rce8 23. Rae3 Nd5 24. Bh3 Nxe3 25. Qh5 Qxh3 26. Nxh3 Nd5 27. Qf3 Bf6 28. Re4 Bd8 29. Bxd8 Rxd8 30. Ng5 h6 31. Nh3 Rde8 32. Kg2 Rxe4 33. Qxe4 Nf6 34. Qf4 Bc4 35. Ng1 Re8 36. h3 1/2-1/2

[Event "Heusenstamm Sparkassen op-B 4th"]
[Site "Heusenstamm"]
[Date "2017.11.24"]
[Round "2"]
[White "Englert, Fred"]
[Black "Rupp, Arnim"]
[Result "1-0"]
[WhiteElo "1778"]
[BlackElo "1636"]
[PlyCount "137"]
[EventDate "2017.11.23"]
[EventType "swiss"]
[EventRounds "7"]
[EventCountry "GER"]
[SourceTitle "EXT 2019"]
[Source "ChessBase"]
[SourceDate "2018.10.10"]
[SourceVersion "1"]
[SourceVersionDate "2018.10.10"]
[SourceQuality "1"]

1. c4 Nf6 2. g3 g6 3. Bg2 Bg7 4. Nc3 d6 5. d4 0-0 6. Nf3 c6 7. 0-0 Qa5 8. d5 cxd5 9. cxd5 Bg4 10. h3 Bf5 11. Nd4 Bd7 12. Bd2 Qb6 13. Nb3 a5 14. Be3 Qa6 15. a4 b5 16. axb5 Bxb5 17. Rxa5 Qxa5 18. Nxa5 Rxa5 19. Bb6 Ra6 20. Bd4 Bd7 21. b4 Rc8 22. b5 Ra3 23. Qd2 Ne8 24. Nb1 Rb3 25. Bxg7 Nxg7 26. b6 Rxb6 27. Qe3 Rb2 28. Qxe7 Nf5 29. Qf6 Rb6 30. e4 Ng7 31. Re1 Ne8 32. Qd4 Rb5 33. Bf1 Rbc5 34. h4 h5 35. Kg2 Bg4 36. Nd2 Rc2 37. Nc4 Bd7 38. Ra1 Bb5 39. Ne3 Bxf1+ 40. Rxf1 R2c7 41. Rb1 Nd7 42. Rb4 Ne5 43. Rb3 Nf6 44. f3 Nfd7 45. Ra3 Nc5 46. f4 Ned7 47. Kf3 Rb7 48. Rc3 Rcb8 49. e5 dxe5 50. fxe5 Nb3 51. Qf4 Rb4 52. Nc4 Nb6 53. e6 Rb7 54. e7 Rxe7 55. Qb8+ Kh7 56. Nxb6 Nd2+ 57. Kg2 Re2+ 58. Kh3 Rb1 59. g4 Rh1+ 60. Kg3 Ne4+ 61. Kf4 Rf1+ 62. Rf3 g5+ 63. hxg5 Kg7 64. Qe5+ Kg8 65. Nd7 Ng3 66. Nf6+ Kg7 67. Nxh5+ Kg6 68. Qf6+ Kh7 69. Qxf7+ 1-0

[Event "Heusenstamm Sparkassen op-B 4th"]
[Site "Heusenstamm"]
[Date "2017.11.23"]
[Round "1"]
[White "Bayer, Oliver"]
[Black "Englert, Fred"]
[Result "0-1"]
[WhiteElo "1526"]
[BlackElo "1778"]
[PlyCount "46"]
[EventDate "2017.11.23"]
[EventType "swiss"]
[EventRounds "7"]
[EventCountry "GER"]
[SourceTitle "EXT 2019"]
[Source "ChessBase"]
[SourceDate "2018.10.10"]
[SourceVersion "1"]
[SourceVersionDate "2018.10.10"]
[SourceQuality "1"]

1. e4 c6 2. d4 d5 3. exd5 cxd5 4. Nc3 g6 5. Nf3 Bg7 6. Bf4 Nf6 7. Bd3 0-0 8. Qd2 Nc6 9. Bh6 Re8 10. 0-0-0 Qa5 11. h4 Bg4 12. Be2 Rac8 13. Bxg7 Kxg7 14. Ne5 Bxe2 15. Qxe2 Nb4 16. Kb1 Rxc3 17. bxc3 Qxa2+ 18. Kc1 Qa1+ 19. Kd2 Ne4+ 20. Ke3 Qxc3+ 21. Nd3 Nxc2+ 22. Kf4 Nxd4 23. Qg4 f5 0-1

[Event "Wiesbaden op 27th"]
[Site "Wiesbaden"]
[Date "2015.08.30"]
[Round "7"]
[White "Englert, Fred"]
[Black "Buehler, Severin"]
[Result "1/2-1/2"]
[WhiteElo "1794"]
[BlackElo "1622"]
[PlyCount "59"]
[EventDate "2015.08.27"]
[EventType "swiss"]
[EventRounds "7"]
[EventCountry "GER"]
[SourceTitle "EXT 2016"]
[Source "ChessBase"]
[SourceDate "2015.10.08"]
[SourceVersion "1"]
[SourceVersionDate "2015.10.08"]
[SourceQuality "1"]

1. c4 Nf6 2. g3 g6 3. Bg2 Bg7 4. Nf3 0-0 5. Nc3 d6 6. d4 c5 7. 0-0 Nc6 8. e3 a6 9. Re1 Rb8 10. b3 b5 11. cxb5 axb5 12. Ng5 Qc7 13. dxc5 dxc5 14. Bb2 h6 15. Nf3 Rd8 16. Qe2 c4 17. Rac1 Be6 18. a3 Qb6 19. b4 Qa6 20. Red1 Bf5 21. Ne1 Rxd1 22. Rxd1 Rd8 23. Bxc6 Rxd1 24. Bxb5 Rxe1+ 25. Qxe1 Qc8 26. e4 Nxe4 27. Nd5 Qb7 28. Bxg7 Qxd5 29. Bxc4 Qxc4 30. Bxh6 1/2-1/2

[Event "Hessen-ch op-B"]
[Site "Frankfurt Sossenheim"]
[Date "2015.??.??"]
[Round "3"]
[White "Englert, Fred"]
[Black "Deppe, Leo Max"]
[Result "1/2-1/2"]
[WhiteElo "1795"]
[BlackElo "1694"]
[PlyCount "103"]
[EventDate "2015.05.13"]
[EventType "swiss"]
[EventRounds "7"]
[EventCountry "GER"]
[SourceTitle "EXT 2016"]
[Source "ChessBase"]
[SourceDate "2015.10.08"]
[SourceVersion "1"]
[SourceVersionDate "2015.10.08"]
[SourceQuality "1"]

1. c4 Nf6 2. g3 g6 3. Bg2 Bg7 4. Nc3 0-0 5. Nf3 d6 6. 0-0 Nc6 7. d4 e5 8. dxe5 dxe5 9. a3 a5 10. Qc2 Re8 11. Rd1 Qe7 12. Bg5 Be6 13. Ne4 Bf5 14. Bxf6 Bxe4 15. Qxe4 Bxf6 16. Rd2 Red8 17. Rad1 Bg7 18. Rxd8+ Rxd8 19. Rxd8+ Qxd8 20. Qc2 b6 21. e3 Qd6 22. Ng5 Nd8 23. Ne4 Qe7 24. Nc3 Ne6 25. Qe4 Qd8 26. Nd5 f5 27. Qc2 c6 28. Nc3 e4 29. f3 exf3 30. Bxf3 Qd6 31. Na4 b5 32. cxb5 cxb5 33. Qc8+ Nf8 34. Nc3 b4 35. Qc4+ Kh8 36. axb4 axb4 37. Nd5 Bxb2 38. Nxb4 Qd2 39. Nd5 Qe1+ 40. Qf1 Qxf1+ 41. Kxf1 Kg7 42. Ke2 Nd7 43. h3 Ne5 44. e4 Nxf3 45. Kxf3 fxe4+ 46. Kxe4 Kh6 47. g4 Kg5 48. Kf3 Kh4 49. Kg2 Kg5 50. Kf3 Kh4 51. Kg2 Kg5 52. Kf3 1/2-1/2

[Event "Karl Mala Memorial op-A 17th"]
[Site "Frankfurt"]
[Date "2014.08.03"]
[Round "7"]
[White "Englert, Fred"]
[Black "Leibold, Mathias"]
[Result "1/2-1/2"]
[WhiteElo "1820"]
[BlackElo "1636"]
[PlyCount "55"]
[EventDate "2014.07.31"]
[EventType "swiss"]
[EventRounds "7"]
[EventCountry "GER"]
[SourceTitle "EXT 2015"]
[Source "ChessBase"]
[SourceDate "2014.11.20"]
[SourceVersion "1"]
[SourceVersionDate "2014.11.20"]
[SourceQuality "1"]

1. c4 e5 2. Nc3 c5 3. g3 Nc6 4. Bg2 d6 5. e3 Nf6 6. Nge2 Be6 7. b3 Be7 8. 0-0 0-0 9. d4 cxd4 10. exd4 Bg4 11. dxe5 dxe5 12. Qc2 Nb4 13. Qb1 Qc7 14. a3 Nc6 15. h3 Bh5 16. Qb2 h6 17. Be3 a6 18. Rac1 Rad8 19. Nd5 Qd6 20. c5 Qb8 21. Nec3 Rd7 22. Nb6 Rd3 23. Ncd5 Nxd5 24. Nxd5 Qd8 25. Nxe7+ Qxe7 26. Be4 Rd7 27. Bf5 Rd5 28. Be4 1/2-1/2

[Event "Reykjavik op"]
[Site "Reykjavik"]
[Date "2014.03.05"]
[Round "2"]
[White "Englert, Fred"]
[Black "Pupols, Viktors"]
[Result "0-1"]
[WhiteElo "1845"]
[BlackElo "2049"]
[PlyCount "56"]
[EventDate "2014.03.04"]
[EventType "swiss"]
[EventRounds "10"]
[EventCountry "ISL"]
[SourceTitle "CBM 159 Extra"]
[Source "ChessBase"]
[SourceDate "2014.04.24"]
[SourceVersion "1"]
[SourceVersionDate "2014.04.24"]
[SourceQuality "1"]

1. c4 Nf6 2. Nf3 e6 3. g3 d5 4. Bg2 Nbd7 5. Qc2 c6 6. 0-0 Be7 7. d4 b6 8. b3 0-0 9. Nc3 Ba6 10. Ne5 Nxe5 11. dxe5 Nd7 12. cxd5 cxd5 13. f4 Rc8 14. Qb2 Bc5+ 15. Kh1 Bd4 16. Bd2 Bxe2 17. Rfe1 Bh5 18. Rac1 Nc5 19. Qa3 Nd3 20. Nb5 Rxc1 21. Rxc1 Bb2 22. Qxa7 Bxc1 23. Bc3 Be3 24. h3 Qa8 25. a4 Qxa7 26. Nxa7 Bd1 27. Bf1 Nc5 28. b4 Nxa4 0-1

[Event "Wiesbaden op 25th"]
[Site "Wiesbaden"]
[Date "2013.08.25"]
[Round "7"]
[White "Englert, Fred"]
[Black "Kuhn, Gerhard"]
[Result "1/2-1/2"]
[WhiteElo "1833"]
[BlackElo "2024"]
[PlyCount "37"]
[EventDate "2013.08.22"]
[EventType "swiss"]
[EventRounds "7"]
[EventCountry "GER"]
[SourceTitle "CBM 156 Extra"]
[Source "ChessBase"]
[SourceDate "2013.10.22"]
[SourceVersion "1"]
[SourceVersionDate "2013.10.22"]
[SourceQuality "1"]

1. c4 Nf6 2. g3 g6 3. Nf3 Bg7 4. Bg2 d5 5. 0-0 0-0 6. d4 Nc6 7. cxd5 Nxd5 8. Nc3 Nb6 9. e3 e5 10. dxe5 Nxe5 11. Nxe5 Qxd1 12. Rxd1 Bxe5 13. Nd5 c6 14. Ne7+ Kg7 15. Nxc8 Raxc8 16. Rb1 Rcd8 17. Bd2 Na4 18. Bb4 Rfe8 19. b3 1/2-1/2

[Event "Wiesbaden op 25th"]
[Site "Wiesbaden"]
[Date "2013.08.24"]
[Round "5"]
[White "Englert, Fred"]
[Black "Loester, Mario"]
[Result "1-0"]
[WhiteElo "1841"]
[BlackElo "1431"]
[PlyCount "69"]
[EventDate "2013.08.22"]
[EventType "swiss"]
[EventRounds "7"]
[EventCountry "GER"]
[SourceTitle "EXT 2014"]
[Source "ChessBase"]
[SourceDate "2013.11.20"]
[SourceVersion "1"]
[SourceVersionDate "2013.11.20"]
[SourceQuality "1"]

1. c4 g6 2. g3 Bg7 3. Bg2 c5 4. Nc3 Nf6 5. Nf3 a6 6. 0-0 d6 7. d4 cxd4 8. Nxd4 Qc7 9. Qd3 Nbd7 10. b3 Nc5 11. Qd2 e5 12. Nf3 Nce4 13. Nxe4 Nxe4 14. Qe3 Nc5 15. Bb2 0-0 16. Nd2 f5 17. Bd5+ Be6 18. Bg2 e4 19. Bxg7 Qxg7 20. Rfd1 Rad8 21. Rac1 Bc8 22. Nb1 Qe7 23. Nc3 Be6 24. Rd2 Rd7 25. b4 Rc8 26. bxc5 Rxc5 27. Nd5 Qf7 28. Nb6 Rd8 29. Rcd1 Rc6 30. f3 Bxc4 31. Nxc4 Qxc4 32. fxe4 fxe4 33. Bxe4 Qc5 34. Qxc5 Rxc5 35. Bxb7 1-0

[Event "Karl Mala Memorial op-B 16th"]
[Site "Frankfurt"]
[Date "2013.07.14"]
[Round "6"]
[White "Scheerer, Michael"]
[Black "Englert, Fred"]
[Result "1-0"]
[WhiteElo "1367"]
[BlackElo "1841"]
[PlyCount "119"]
[EventDate "2013.07.11"]
[EventType "swiss"]
[EventRounds "7"]
[EventCountry "GER"]
[SourceTitle "CBM 155 Extra"]
[Source "ChessBase"]
[SourceDate "2013.08.26"]
[SourceVersion "1"]
[SourceVersionDate "2013.08.26"]
[SourceQuality "1"]

1. e4 c6 2. d4 d5 3. exd5 cxd5 4. c3 g6 5. Nf3 Bg7 6. Bf4 Qb6 7. Qb3 Qe6+ 8. Be2 b6 9. Qc2 Nf6 10. 0-0 0-0 11. Re1 Qf5 12. Qxf5 Bxf5 13. Nbd2 Nc6 14. Ne5 Nxe5 15. Bxe5 Bc8 16. Bb5 Bb7 17. f4 a6 18. Bd3 Rac8 19. h3 Rfe8 20. a4 e6 21. g4 Nd7 22. Bxg7 Kxg7 23. g5 Nb8 24. Kf2 Nc6 25. h4 Na5 26. h5 gxh5 27. Rh1 Nc4 28. Rxh5 Nxd2 29. Rxh7+ Kf8 30. g6 Ne4+ 31. Bxe4 dxe4 32. Rxf7+ Kg8 33. Rxb7 Rb8 34. Rxb8 Rxb8 35. Ke3 Kg7 36. Rg1 b5 37. a5 Rc8 38. Kxe4 Rc4 39. Ke5 Rc6 40. d5 exd5 41. Kxd5 Rf6 42. Ke5 Rc6 43. f5 Rc5+ 44. Ke6 Rc6+ 45. Kd5 Rf6 46. Ke5 Rc6 47. Rd1 Rc7 48. Rd6 Re7+ 49. Re6 Ra7 50. Kd6 Ra8 51. Re7+ Kf6 52. Rf7+ Kg5 53. g7 Rg8 54. f6 Kg6 55. Rf8 Kh7 56. Rxg8 Kxg8 57. Ke7 b4 58. f7+ Kxg7 59. f8Q+ Kg6 60. Qf4 1-0

[Event "Karl Mala Memorial op-B 16th"]
[Site "Frankfurt"]
[Date "2013.07.11"]
[Round "1"]
[White "Englert, Fred"]
[Black "Mao, Yvonne"]
[Result "1-0"]
[WhiteElo "1841"]
[BlackElo "1409"]
[PlyCount "65"]
[EventDate "2013.07.11"]
[EventType "swiss"]
[EventRounds "7"]
[EventCountry "GER"]
[SourceTitle "CBM 155 Extra"]
[Source "ChessBase"]
[SourceDate "2013.08.26"]
[SourceVersion "1"]
[SourceVersionDate "2013.08.26"]
[SourceQuality "1"]

1. c4 e5 2. Nc3 Nf6 3. Nf3 Nc6 4. g3 d5 5. cxd5 Nxd5 6. Bg2 Be6 7. 0-0 f6 8. Qb3 Nce7 9. Qxb7 Nb6 10. b3 Bd7 11. Qa6 Nc6 12. Qd3 Nb4 13. Qb1 g6 14. a3 Nc6 15. Rd1 Bg7 16. d4 Bf5 17. e4 Bg4 18. dxe5 Qe7 19. exf6 Qxf6 20. Rd3 0-0 21. Bf4 Bxf3 22. Bxf3 Ne5 23. Bxe5 Qxe5 24. Ra2 Rad8 25. Rad2 Rxd3 26. Rxd3 Qc5 27. b4 Qc4 28. Qa2 Kh8 29. Qxc4 Nxc4 30. Bg2 Nxa3 31. Nd5 Nb5 32. Rd2 Bd4 33. Bf1 1-0

[Event "Karl Mala Memorial op 15th"]
[Site "Frankfurt"]
[Date "2012.07.07"]
[Round "5"]
[White "Englert, Fred"]
[Black "Mueller, Tobias"]
[Result "1-0"]
[WhiteElo "1835"]
[BlackElo "1079"]
[PlyCount "51"]
[EventDate "2012.07.05"]
[EventType "swiss"]
[EventRounds "7"]
[EventCountry "GER"]
[SourceTitle "CBM 149 Extra"]
[Source "ChessBase"]
[SourceDate "2012.08.24"]
[SourceVersion "1"]
[SourceVersionDate "2012.08.24"]
[SourceQuality "1"]

1. c4 e5 2. Nc3 Nc6 3. Nf3 Nf6 4. d4 d6 5. dxe5 dxe5 6. Qxd8+ Nxd8 7. Nxe5 Bd6 8. Nd3 Be6 9. b3 Nc6 10. Bb2 Nb4 11. Nxb4 Bxb4 12. 0-0-0 Ng4 13. Ne4 0-0 14. h3 f5 15. hxg4 fxe4 16. f3 Rad8 17. Rd4 e3 18. Rd3 Bc5 19. Rh5 Bb6 20. Bc3 Bf7 21. Re5 Rfe8 22. Rxd8 Rxd8 23. c5 Bxc5 24. Rxc5 Rd6 25. Rxc7 Kf8 26. Bb4 1-0

[Event "Bad Wiessee Seniors op"]
[Site "Bad Wiessee"]
[Date "2012.04.28"]
[Round "8"]
[White "Englert, Fred"]
[Black "Schnell, Franz"]
[Result "0-1"]
[WhiteElo "1620"]
[BlackElo "1683"]
[PlyCount "120"]
[EventDate "2012.04.21"]
[EventType "swiss"]
[EventRounds "9"]
[EventCountry "GER"]
[SourceTitle "EXT 2015"]
[Source "ChessBase"]
[SourceDate "2014.11.20"]
[SourceVersion "1"]
[SourceVersionDate "2014.11.20"]
[SourceQuality "1"]

1. c4 e5 2. Nc3 Bb4 3. Nf3 Bxc3 4. bxc3 d6 5. g3 b6 6. Bg2 Bb7 7. 0-0 Nf6 8. Qc2 0-0 9. d4 Nbd7 10. Nxe5 Bxg2 11. Nxd7 Bxf1 12. Nxf8 Bh3 13. Nxh7 Nxh7 14. Qe4 Qe8 15. Qf3 Bd7 16. Be3 Bc6 17. d5 Bb7 18. Rb1 Ba6 19. Rb4 Rd8 20. c5 dxc5 21. Rh4 Qe5 22. Re4 Qxd5 23. Re8+ Nf8 24. Qxd5 Rxd5 25. Ra8 Bxe2 26. Rxa7 Ne6 27. Kg2 Kf8 28. f4 g6 29. Kf2 Bd3 30. Bc1 Bf5 31. Ra8+ Rd8 32. Ra4 Ke8 33. Be3 Rd3 34. Ra8+ Ke7 35. Ra3 Kd7 36. Ke2 c4 37. Kf3 Nc5 38. g4 Bxg4+ 39. Kxg4 Rxe3 40. f5 gxf5+ 41. Kxf5 Rh3 42. Kf6 Rxh2 43. Kxf7 Rf2+ 44. Kg6 Kd6 45. Ra8 Rc2 46. a4 Ra2 47. a5 bxa5 48. Rd8+ Kc6 49. Rd4 Kb5 50. Kf5 Re2 51. Rd8 a4 52. Rb8+ Kc6 53. Rb4 Kd5 54. Rb8 Rf2+ 55. Kg4 Rc2 56. Ra8 Rxc3 57. Kf4 a3 58. Ra7 c6 59. Ra5 Kd4 60. Ra8 Nd3+ 0-1

[Event "Unterfranken-ch HB 63th"]
[Site "Schweinfurt"]
[Date "2012.04.13"]
[Round "8"]
[White "Lindner, Helmut"]
[Black "Englert, Fred"]
[Result "0-1"]
[WhiteElo "1497"]
[BlackElo "1709"]
[PlyCount "74"]
[EventDate "2012.04.09"]
[EventType "swiss"]
[EventRounds "9"]
[EventCountry "GER"]
[SourceTitle "EXT 2015"]
[Source "ChessBase"]
[SourceDate "2014.11.20"]
[SourceVersion "1"]
[SourceVersionDate "2014.11.20"]
[SourceQuality "1"]

1. e4 c6 2. Nc3 d5 3. d4 dxe4 4. Nxe4 g6 5. Be3 Bg7 6. Qd2 Nd7 7. Bc4 Nb6 8. Bb3 Nd5 9. Ne2 Ngf6 10. Nxf6+ Nxf6 11. Bh6 0-0 12. Bxg7 Kxg7 13. h4 h5 14. 0-0-0 Qc7 15. Qg5 Ne4 16. Qe3 Nf6 17. f3 Bf5 18. Qg5 c5 19. g4 Nh7 20. Qe3 hxg4 21. h5 g5 22. Rdg1 c4 23. Bxc4 Bxc2 24. Rxg4 Qxc4 25. Rxg5+ Bg6+ 26. Nc3 Nxg5 27. Qxg5 Rh8 28. Rg1 Qe6 29. hxg6 fxg6 30. Ne4 Rac8+ 31. Kb1 Rc4 32. d5 Qf7 33. Qe5+ Kg8 34. d6 Rxe4 35. Qxe4 exd6 36. Rxg6+ Kf8 37. Rxd6 Rh1+ 0-1

[Event "Unterfranken-ch HB 63th"]
[Site "Schweinfurt"]
[Date "2012.04.11"]
[Round "5"]
[White "Englert, Fred"]
[Black "Itze, Jan Peter"]
[Result "1-0"]
[WhiteElo "1709"]
[BlackElo "1520"]
[PlyCount "83"]
[EventDate "2012.04.09"]
[EventType "swiss"]
[EventRounds "9"]
[EventCountry "GER"]
[SourceTitle "EXT 2015"]
[Source "ChessBase"]
[SourceDate "2014.11.20"]
[SourceVersion "1"]
[SourceVersionDate "2014.11.20"]
[SourceQuality "1"]

1. c4 c6 2. Nc3 d5 3. cxd5 cxd5 4. Nf3 Bf5 5. Qb3 Nf6 6. Qxb7 Nbd7 7. Nxd5 Nxd5 8. Qxd5 e6 9. Qc4 Rc8 10. Qa4 Bc5 11. e4 Bg6 12. Bb5 f6 13. 0-0 Rc7 14. d4 Bd6 15. e5 Be7 16. Bd2 0-0 17. Ba5 Nb6 18. Qb3 Qc8 19. Rfe1 Bf7 20. g3 Qb7 21. Bf1 f5 22. Bg2 Qa6 23. Bd2 h6 24. h4 Rd8 25. Rac1 Rb7 26. Bf1 Qa4 27. Qxa4 Nxa4 28. b3 Nb6 29. Ba5 Rd5 30. b4 Na4 31. a3 Nb6 32. Rc6 Rdd7 33. Rec1 Nd5 34. Ba6 Rb8 35. Bc8 Rxc8 36. Rxc8+ Kh7 37. Nd2 g5 38. hxg5 Bxg5 39. f4 Be7 40. Kf2 Nb6 41. Bxb6 axb6 42. R8c7 1-0